<?xml version="1.0" encoding="UTF-8"?>
<record
    xmlns:xsi="http://www.w3.org/2001/XMLSchema-instance"
    xsi:schemaLocation="http://www.loc.gov/MARC21/slim http://www.loc.gov/standards/marcxml/schema/MARC21slim.xsd"
    xmlns="http://www.loc.gov/MARC21/slim">

  <leader>01389nam0a2200349 i 4500</leader>
  <controlfield tag="001">RU\NLR\BIBL_A\011103501</controlfield>
  <controlfield tag="005">20260409000018.0</controlfield>
  <datafield tag="010" ind1=" " ind2=" ">
    <subfield code="a">9785745413940</subfield>
    <subfield code="9">300</subfield>
  </datafield>
  <datafield tag="021" ind1=" " ind2=" ">
    <subfield code="a">RU</subfield>
    <subfield code="b">2016-22807</subfield>
    <subfield code="9">1441</subfield>
  </datafield>
  <datafield tag="035" ind1=" " ind2=" ">
    <subfield code="a">(NILC)RuMoRGB-008254554</subfield>
  </datafield>
  <datafield tag="035" ind1=" " ind2=" ">
    <subfield code="a">(NLR Aleph) 011103501</subfield>
  </datafield>
  <datafield tag="090" ind1=" " ind2=" ">
    <subfield code="a">11433353</subfield>
    <subfield code="c">11433353</subfield>
  </datafield>
  <datafield tag="100" ind1=" " ind2=" ">
    <subfield code="a">20160415d2016    u  y0rusy50      ca</subfield>
  </datafield>
  <datafield tag="101" ind1="0" ind2=" ">
    <subfield code="a">rus</subfield>
  </datafield>
  <datafield tag="102" ind1=" " ind2=" ">
    <subfield code="a">RU</subfield>
  </datafield>
  <datafield tag="105" ind1=" " ind2=" ">
    <subfield code="a">y|||w|||000  </subfield>
  </datafield>
  <datafield tag="200" ind1="1" ind2=" ">
    <subfield code="a">&#x421;&#x432;&#x435;&#x436;&#x438;&#x439; &#x432;&#x437;&#x433;&#x43B;&#x44F;&#x434; &#x43D;&#x430; 22 &#x43F;&#x441;&#x430;&#x43B;&#x43E;&#x43C;</subfield>
    <subfield code="e">&#x43F;&#x430;&#x441;&#x442;&#x44B;&#x440;&#x438; &#x43F;&#x43E; &#x443;&#x441;&#x442;&#x430;&#x432;&#x443; &#x425;&#x440;&#x438;&#x441;&#x442;&#x430;</subfield>
    <subfield code="e">[&#x440;&#x435;&#x43B;&#x438;&#x433;&#x438;&#x43E;&#x437;&#x43D;&#x43E;&#x435; &#x438;&#x437;&#x434;&#x430;&#x43D;&#x438;&#x435;]</subfield>
    <subfield code="f">&#x414;&#x44D;&#x43D;&#x438;&#x435;&#x43B; &#x411;&#x43B;&#x43E;&#x43A;</subfield>
  </datafield>
  <datafield tag="210" ind1=" " ind2=" ">
    <subfield code="a">&#x421;&#x430;&#x43D;&#x43A;&#x442;-&#x41F;&#x435;&#x442;&#x435;&#x440;&#x431;&#x443;&#x440;&#x433;</subfield>
    <subfield code="c">&#x411;&#x438;&#x431;&#x43B;&#x438;&#x44F; &#x434;&#x43B;&#x44F; &#x432;&#x441;&#x435;&#x445;</subfield>
    <subfield code="d">2016</subfield>
  </datafield>
  <datafield tag="215" ind1=" " ind2=" ">
    <subfield code="a">24, [3] &#x441;.</subfield>
    <subfield code="d">21</subfield>
  </datafield>
  <datafield tag="300" ind1=" " ind2=" ">
    <subfield code="a">&#x41D;&#x430; 4-&#x439; &#x441;. &#x43E;&#x431;&#x43B;. &#x430;&#x432;&#x442;.: &#x414;. &#x411;&#x43B;&#x43E;&#x43A;, &#x43F;&#x440;&#x43E;&#x444;.</subfield>
  </datafield>
  <datafield tag="500" ind1=" " ind2=" ">
    <subfield code="a">&#x411;&#x438;&#x431;&#x43B;&#x438;&#x44F;</subfield>
    <subfield code="i">&#x412;.&#x417;.</subfield>
    <subfield code="i">&#x41F;&#x441;&#x430;&#x43B;&#x442;&#x438;&#x440;&#x44C;</subfield>
    <subfield code="l">&#x41F;&#x435;&#x440;&#x435;&#x440;&#x430;&#x431;&#x43E;&#x442;&#x43A;&#x438;</subfield>
    <subfield code="3">RU\NLR\AUTH\5510622</subfield>
    <subfield code="9">2632622</subfield>
  </datafield>
  <datafield tag="605" ind1=" " ind2=" ">
    <subfield code="a">&#x411;&#x438;&#x431;&#x43B;&#x438;&#x44F;</subfield>
    <subfield code="i">&#x412;&#x435;&#x442;&#x445;&#x438;&#x439; &#x417;&#x430;&#x432;&#x435;&#x442;</subfield>
    <subfield code="i">&#x41F;&#x441;&#x430;&#x43B;&#x442;&#x44B;&#x440;&#x44C;</subfield>
    <subfield code="x">&#x422;&#x43E;&#x43B;&#x43A;&#x43E;&#x432;&#x430;&#x43D;&#x438;&#x435;</subfield>
    <subfield code="9">2191472</subfield>
    <subfield code="3">RU\NLR\AUTH\661317340</subfield>
  </datafield>
  <datafield tag="605" ind1=" " ind2=" ">
    <subfield code="a">&#x411;&#x438;&#x431;&#x43B;&#x438;&#x44F;</subfield>
    <subfield code="i">&#x412;. &#x417;.</subfield>
    <subfield code="i">&#x41F;&#x441;&#x430;&#x43B;&#x442;&#x438;&#x440;&#x44C;</subfield>
  </datafield>
  <datafield tag="686" ind1="2" ind2=" ">
    <subfield code="a">&#x42D;37-210.913</subfield>
  </datafield>
  <datafield tag="700" ind1=" " ind2="1">
    <subfield code="a">&#x411;&#x43B;&#x43E;&#x43A;</subfield>
    <subfield code="b">&#x414;.</subfield>
    <subfield code="g">&#x414;&#x44D;&#x43D;&#x438;&#x435;&#x43B;</subfield>
  </datafield>
  <datafield tag="702" ind1=" " ind2="0">
    <subfield code="4">570</subfield>
    <subfield code="8">rus</subfield>
    <subfield code="7">ca</subfield>
    <subfield code="a">&#x418;&#x438;&#x441;&#x443;&#x441; &#x425;&#x440;&#x438;&#x441;&#x442;&#x43E;&#x441;</subfield>
    <subfield code="3">RU\NLR\AUTH\779638</subfield>
    <subfield code="9">119452</subfield>
  </datafield>
  <datafield tag="801" ind1=" " ind2="0">
    <subfield code="a">RU</subfield>
    <subfield code="b">&#x420;&#x413;&#x411;</subfield>
    <subfield code="c">20160323</subfield>
    <subfield code="g">RCR</subfield>
  </datafield>
  <datafield tag="942" ind1=" " ind2=" ">
    <subfield code="c">BOOK</subfield>
  </datafield>
  <datafield tag="980" ind1=" " ind2=" ">
    <subfield code="a">NBR</subfield>
  </datafield>
</record>
